000 00499nam a2200169Ia 4500
999 _c64755
_d64755
003 GCL
005 20240530110749.0
008 140319s9999 xx 000 0 ara d
040 _aGCL /
_cGCL
082 0 4 _a614.88 \
_bر أ
100 1 _a رامسى ، اولف
245 1 2 _aالاسعافات الاولية /
_cاولف رامسى
260 _a[S.N] :
_bالدار العربية للعلوم ،
_c1992
300 _a215 ص
650 0 4 _aالاسعافات الاولية
942 _2ddc
_cBK